000 00311nam a22001337a 4500
008 181030b xxu||||| |||| 00| 0 eng d
020 _a9780877794790
041 _aeng
080 _a038
100 _a23
101 _aFJA
245 _aMerriam Webster's Intermediate Dictionary
_cWebster,M
942 _2udc
_cBK
999 _c51069
_d51069